000 00908nam a2200253 a 4500
001 000024965
005 20200930023458.0
008 110208s1969 ve r 000 0 spa d
040 _aDO-SdBNP
_bspa
_cBNPHU
041 1 7 _aspa
_hfre
_2Código de idiomas MARC
082 _ann*
_bnn*
100 1 _aEllul, Jacques.
_951068
240 1 0 _aHistoire de la propagande.
_lEspañol
245 1 0 _aHistoria de la propaganda /
_cJacques Ellul ; traducción de Rosa Moreno Roger.
260 _aCaracas :
_bMonte Avila,
_c1969.
300 _a187 p. ;
_c19 cm.
490 1 _aEstudios
590 _aPerteneció a la biblioteca personal de Juan Isidro Jimenes Grullón.
534 _aTítulo del original francés :
_tHistoire de la propagande
500 _aIncluye referencias bibliográficas y notas al pie de las páginas.
700 1 _aMoreno Roger, Rosa,
_etr.
_931811
830 0 _aEstudios
_93854
049 _aBNGR
999 _c24458
_d24458